00000000nam 2200000zi 4500
0019.865537
003CaOODSP
00520250327152134
007cr |||||||||||
008181203t20232023onca||||o    f00| 0 eng d
020 |a9780660288154
040 |aCaOODSP|beng|erda|cCaOODSP
043 |an-cn-on
0861 |aA104-162/2018E-PDF
24504|aThe Ottawa Laboratory (Fallowfield).
264 1|a[Ottawa] : |bCanadian Food Inspection Agency = Agence canadienne d'inspection des aliments, |c[2023]
264 4|c©2023
300 |a1 online resource (1 page) : |billustration
336 |atext|btxt|2rdacontent
337 |acomputer|bc|2rdamedia
338 |aonline resource|bcr|2rdacarrier
500 |aIssued also in French under title: Le laboratoire d'Ottawa (Fallowfield).
500 |aCaption title.
500 |aAt head of title: Canadian Food Inspection Agency Laboratories.
500 |aIncorrect catalogue number (A104-162/2023E-PDF) printed in this publication.
650 0|aBiological laboratories|zOntario|zOttawa.
7102 |aCanadian Food Inspection Agency, |eissuing body.
77508|tLe laboratoire d'Ottawa (Fallowfield). |w(CaOODSP)9.865538
85640|qPDF|s240 KB|uhttps://publications.gc.ca/collections/collection_2025/acia-cfia/A104-162-2018-eng.pdf